000 00655nam a2200229Ia 4500
005 20241129104125.0
008 241129s9999||||xx |||||||||||||| ||und||
020 _a9781529742800
037 _aTextual
040 _aRTL
_beng
_cRTL
041 _aeng
_2eng
084 _aX:51:(D6,9(B) R2
_qRTL
100 _aHanlon Annmarie
_9724773
245 0 _aDigital marketing: Strategic planning and integration
_cHanlon Annmarie
250 _a2nd
260 _aNew Delhi
_bSage Publications
_c2022
300 _axvii,454p.
365 _aINR
_b4273.32
650 _aCommerce
942 _cTB
_hX:51:(D6,9(B) R2
999 _c1224521
_d1224521